000 00821nam a22002897a 4500
003 OSt
008 150608b xxu||||| |||| 00| 0 eng d
100 1 _aLeralle, Andre
041 _aeng
245 1 0 _aLes marques postales francaises de Hambourg pendant l'Occupation Napoleonienne 1806-1814 /
260 _aAmiens
_bYvert & Cie,
300 _a0 pages
650 0 _aFrance -- History -- Consulate and Empire, 1799-1815
650 0 _aFrance
650 0 _aGermany
650 0 _aHamburg
650 0 _aGerman States
650 0 _aPostal Markings
650 0 _a1806-1814
650 0 _a19th Century
650 0 _aPostal History
650 0 _aFee Paid Mail
650 0 _aPre-adhesive Covers
650 0 _aMilitary Conflicts
650 0 _aMilitary Mail
650 0 _aNapoleon I, Emperor of the French, 1769-1815
999 _c1531
_d1531